00381nam a2200145Ia 4500008004100000020001500041041001200056082002200068100003100090245003600121260002700157300001400184400001900198650001800217231217s9999 xx 000 0 und d a8178811693 aEnglish a332.175 KES;1 R aKesiraju, Krishnaphani ed. 0aBancassurance : an introduction c2003bIcfaiaHyderabad axiii, 162 aBanking series aBancassurance